000 00835cab a2200277 4500
001 ABS58262
008 090401t1998 xxu||||| |||| 00| 0 eng d
035 _a(Sirsi) u84294
041 _aeng
245 _aOccupier
260 _c1998
350 _a0
490 _aEstates Gazette
_v(1) February 1998 (47) (LOAN)
520 _aSupplement featuring articles of interest to occupiers. This issue`s key topic is architeure and design. Includes market analyses, company profiles and occupiers surveys.
650 _aDISTRIBUTION SECTOR
650 _aINDUSTRIAL SECTOR
650 _aLEISURE SECTOR
650 _aOCCUPIER SURVEY
650 _aOCCUPIERS NEEDS
650 _aOCCUPIERS
650 _aOFFICE SECTOR
650 _aRETAIL SECTOR
690 _aPROPERTY-COMMERCIAL PROPERTY
942 _n0
948 _c17/02/1998
999 _c52967
_d52967